| 000 | 01110nam a2200265Ia 4500 | ||
|---|---|---|---|
| 001 | 18030 | ||
| 003 | GE_BSU | ||
| 008 | 181216s||||||||xx |||||||||||||| ||und|| | ||
| 040 | _cGE_BSU | ||
| 080 | _a003.26 | ||
| 100 | _aათანელიშვილი, ლილი | ||
| 245 | _aძველი ქართული საიდუმლო დამწერლობა | ||
| 245 | _cრედ. ე. მეტრეველი. ც. ქურციკიძე | ||
| 250 | _aსაქ. სსრ მეცნ. აკად. კ. კეკელიძის სახ. ხელნაწერთა ინ-ტი. | ||
| 260 | _aთბილისი | ||
| 260 | _bმეცნიერება | ||
| 260 | _c1982 | ||
| 300 | _a431გვ. ; 21სმ. | ||
| 300 | _eსაძიებლები: გვ.409-424 | ||
| 520 | _aრეზ. რუს.. | ||
| 541 | _h9ლ. | ||
| 653 | _aქართული საიდუმლო დამწერლობა | ||
| 653 | _aძველი ქართული საიდუმლო დამწერლობა | ||
| 942 | _cBK | ||
| 999 |
_c51073 _d51073 |
||